Obchodní zastoupení v zahraničí
Guardado en:
| Autor principal: | |
|---|---|
| Otros Autores: | |
| Formato: | Libro |
| Lenguaje: | checo |
| Publicado: |
Praha
Československá obchodní a průmyslová komora
1990
|
| Colección: | Otázky obchodní techniky
|
| Etiquetas: |
Sin Etiquetas, Sea el primero en etiquetar este registro!
|
MARC
| LEADER | 00000nam a2200000 4500 | ||
|---|---|---|---|
| 001 | c025720 | ||
| 005 | 20250515081900.3 | ||
| 041 | 0 | |a cze | |
| 044 | |a CZ | ||
| 245 | 1 | 0 | |a Obchodní zastoupení v zahraničí |c Vlastimil Beneš, Emil Konopík |
| 264 | 1 | |a Praha |b Československá obchodní a průmyslová komora |c 1990 | |
| 300 | |a 144 s. | ||
| 490 | 1 | |a Otázky obchodní techniky | |
| 830 | 0 | |a Otázky obchodní techniky | |
| 100 | 1 | |a Beneš, Vlastimil | |
| 700 | 1 | |a Konopík, Emil | |